Fruits, Vegetables And Food Processing (Record no. 189846)
[ view plain ]
| 000 -LEADER | |
|---|---|
| fixed length control field | 00565nam a22001817a 4500 |
| 005 - DATE AND TIME OF LATEST TRANSACTION | |
| control field | 20220713160434.0 |
| 010 ## - LCCN (DPL NO) | |
| LC control number | ENG-133583 |
| 020 ## - INTERNATIONAL STANDARD BOOK NUMBER | |
| International Standard Book Number | 9789381039229 |
| Terms of availability | 1675.00 |
| 035 ## - SYSTEM CONTROL NUMBER | |
| System control number | EN-117065 |
| 037 ## - SOURCE OF ACQUISITION | |
| Source of stock number/acquisition | DBAD/PUB |
| 082 ## - DEWEY DECIMAL CLASSIFICATION NUMBER | |
| Classification number | 664.8 |
| 100 ## - MAIN ENTRY--PERSONAL NAME | |
| Personal name | Panda ,Himadri |
| 245 ## - TITLE STATEMENT | |
| Title | Fruits, Vegetables And Food Processing |
| Statement of responsibility, etc | Himadri Panda |
| 260 ## - PUBLICATION, DISTRIBUTION, ETC. (IMPRINT) | |
| Place of publication, distribution, etc | New Delhi |
| Name of publisher, distributor, etc | Niip Project Consultancy Services |
| 270 ## - ADDRESS | |
| City | New Delhi |
| Address | 106-E Kamla Nagar |
| Postal code | 110007 |
| Telephone number | 8800733955 |
| Electronic mail address | npcs.india@gmail.com |
| 300 ## - PHYSICAL DESCRIPTION | |
| Extent | 637p. |
| Dimensions | 21cm(pbk) |
| 942 ## - ADDED ENTRY ELEMENTS (KOHA) | |
| Source of classification or shelving scheme | Dewey Decimal Classification |
| Item type | English Books |
| Classification part | 664.8 |
| Call number suffix | PAN |
| Withdrawn status | Lost status | Not for loan | Collection code | Home library | Current library | Date acquired | Source of acquisition | Cost, normal purchase price | Full call number | Barcode | Copy number | Cost, replacement price | Koha item type |
|---|---|---|---|---|---|---|---|---|---|---|---|---|---|
| Non-fiction | Bawana | Bawana | 13/07/2022 | DBAD/PUB | 1675.00 | 664.8 PAN | EN-117065 | 1 | 1675.00 | English Books |
